Central Library OPAC University of Rajshahi

The price of power / (Record no. 82893)

MARC details
000 -LEADER
fixed length control field 00701nam a2200229 a 4500
003 - CONTROL NUMBER IDENTIFIER
rucl marc code BD-RjUL
005 - DATE AND TIME OF LATEST TRANSACTION
control field 20240201105749.0
008 - FIXED-LENGTH DATA ELEMENTS--GENERAL INFORMATION
fixed length control field 870730s1913 nyu 000 0 eng d
035 ## - SYSTEM CONTROL NUMBER
System control number (BD-RjUL)
040 ## - CATALOGING SOURCE
Original cataloging agency NUN
Language of cataloging eng
Transcribing agency NUN
041 ## - LANGUAGE CODE
Language code of text/sound track or separate title eng
082 ## - DEWEY DECIMAL CLASSIFICATION NUMBER
Classification number 823
Author mark and year LEP 1913
100 1# - MAIN ENTRY--PERSONAL NAME
Personal name Le Queux, William.
9 (RLIN) 11221
245 14 - TITLE STATEMENT
Title The price of power /
Statement of responsibility, etc. by William Le Queux.
260 ## - PUBLICATION, DISTRIBUTION, ETC. (IMPRINT)
Place of publication, distribution, etc. London :
Name of publisher, distributor, etc. Hurst and Blackett Ltd,
Date of publication, distribution, etc. c1913.
300 ## - PHYSICAL DESCRIPTION
Pagination viii, 343 p.
Size 19cm.
650 #0 - SUBJECT ADDED ENTRY--TOPICAL TERM
Topical term or geographic name as entry element World politics
Chronological subdivision 1945-1955.
9 (RLIN) 11333
651 #0 - SUBJECT ADDED ENTRY--GEOGRAPHIC NAME
Geographic name United States
General subdivision Defenses.
9 (RLIN) 11334
Geographic name United States
General subdivision Foreign relations
Chronological subdivision 1945-1953.
9 (RLIN) 11335
710 2# - ADDED ENTRY--CORPORATE NAME
Corporate name or jurisdiction name as entry element Council on Foreign Relations.
9 (RLIN) 11336
942 ## - ADDED ENTRY ELEMENTS (KOHA)
Source of classification or shelving scheme Dewey Decimal Classification
Koha item type Books
Holdings
Lost status Source of classification or shelving scheme Damaged status Not for loan Collection code Permanent Location Current Location Shelving location Date acquired Total Checkouts Full call number Date last seen Copy number Koha item type
  Dewey Decimal Classification   Not For Loan Fiction Central Library, University of Rajshahi Central Library, University of Rajshahi Reading Room 01/02/2024   823 LEP 1913 01/02/2024 C-1 Books